10 Biggest Cities in Egypt - Statistics

General Stats
  • This quiz has been taken 135 times
    122 since last reset
  • The average score is 5 of 10
Answer Stats
Population City % Correct
7 735 000 Cairo
100%
3 810 000 Alexandria
97%
420 000 Luxor
73%
2 445 000 Giza
69%
540 000 Port Said
67%
490 000 Suez
67%
420 000 Asyut
22%
420 000 Al Mansurah
4%
430 000 Al Mahallah al Kubra
2%
405 000 Tanda
2%
No matching quizzes found
Score Distribution
Percent of People with Each Score
Percentile by Number Answered
Your Score History
You have not taken this quiz since the last reset